000 00622nam a22002177a 4500
003 OSt
005 20140310181937.0
008 130724t xxu||||| |||| 00| 0 eng d
020 _a9780140620207
050 _aPR 4748
_b.H268 1994
082 _aCLA H22t
_b1994
100 _aHardy, Thomas
245 _aTess of the D'Urbervilles. /
_cThomas Hardy.
260 _aNew York :
_bPenguin Group,
_cc1994.
300 _a507 p. :
_c18 cm.
541 _j1
562 _e1
650 _aSeduction
_xFiction.
_93449
650 _aHardy, Thomas, 1840-1928. Tess of the D'Urbervilles.
_93450
942 _2lcc
_cBBK
_kCLA
999 _c7567
_d7567